Kendi dilinden fetö (Record no. 10415)

MARC details
000 -BAŞLIK
Sabit Uzunlukta Kontrol Alanı 00962na a2200301 4500
001 - KONTROL NUMARASI
Denetim Alanı 23731
003 - KONTROL NUMARASI IDENTIFIER
Denetim Alanı MIRAKIL
005 - SON İŞLEM TARİHİ VE ZAMANI
Denetim Alanı 20181213155321.0
008 - SABİT-BOY VERİ ELEMANLARI - GENEL BİLGİLER
Sabit Uzunlukta Kontrol Alanı 180103b tu 000 0
020 ## - ULUSLARARASI STANDART KİTAP NUMARASI
Uluslararası Standart Kitap Numarası 9789751967510
040 ## - KATALOGLAMA KAYNAK
Orijinal Kataloglama Ajansı Milas
Kataloglama Dili tur
Metne Dönüştürmek Ajansı TR-AnCHP
041 ## - DİL KODU
Metin / Ses Parça Veya Ayrı Başlığın Dil Kodu tur
082 ## - DEWEY ONLU SINIFLANDIRMA NUMARASI
Sınıflandırma Numarası 364.256
Ürün Numarası D59k 2017
090 ## - SINIFLAMA NUMARASI
Sınıflama Numarası 364.256 D59k 2017
110 ## - ANA GİRİŞ - KURUMSAL ADI
Giriş Elemanı Olarak Kurumsal Ad Veya Yargı Alanı Adı Diyanet İşleri Başkanlığı (DİB)
245 ## - BAŞLIK TABLOSU
Başlık Kendi dilinden fetö
Başlığın Kalan örgütlü bir din istismarı
Sorumluluk Tablosu, Vb Diyanet İşleri Başkanlığı (DİB)
246 ## - UNVAN FORM VARYING
Başlık Doğru / Kısa Başlığı örgütlü bir din istismarı
260 ## - YAYIN, DAĞITIM, VB
Yayın, Dağıtım, Vb Yeri Ankara
Yayıncı, Dağıtıcı, Vs Adı Diyanet İşleri Başkanlığı (DİB)
Yayın, Dağıtım, Vb Tarihi 2017
300 ## - FİZİKSEL TANIM
Kapsam 140 s.
Boyutlar 28 sm.
440 ## - SERİSİ TABLOSU / KATMA GİRİŞİ - BAŞLIK
Başlık Diyanet İşleri Başkanlığı Yayınları
Hacim / Ardışık Tanımı 1367
490 ## - SERİSİ TABLOSU
Seri Beyanı İlmi Eserler
Hacim / Ardışık Tanımı 215
504 ## - KAYNAKÇA VB NOT
Kaynakça Vb Notu Kaynakça var.
650 ## - KONU KATMA GİRİŞ - TOPİKAL DÖNEM
Topikal Süreli Veya Coğrafi Ad Giriş Elemanı Darbe girişimi, 2016
650 ## - KONU KATMA GİRİŞ - TOPİKAL DÖNEM
Topikal Süreli Veya Coğrafi Ad Giriş Elemanı Din istismarı
Coğrafi Alt Bölümü Türkiye
650 ## - KONU KATMA GİRİŞ - TOPİKAL DÖNEM
Topikal Süreli Veya Coğrafi Ad Giriş Elemanı Fetö
Genel Alt Bölümü Din istismarı
740 ## - KATMA GİRİŞ - KONTROLSUZ İLGİLİ / ANALİTİK BAŞLIK
Kontrol Edilmeyen / İlgili Analitik Başlıktaki örgütlü bir din istismarı
942 ## - EKLENDİ GİRİŞ ELEMANLARI (KOHA)
Sınıflandırma Veya Raf Düzeni Kaynak Dewey Decimal Classification
Koha Öğesi Türü Books
999 ## - SİSTEM KONTROL NUMARALARI (KOHA)
Koha Biblionumber 10415
Koha Biblioitemnumber 10415
Holdings
Kalıcı Konum Mevcut Konum Edinme Tarihi Edinim Kaynak Toplam Check-Out'Lar Tam Çağrı Numarası Barkod Tarih Son Görülme İtibaren Geçerli Fiyatlar Koha Öğesi Türü
CHP Kütüphanesi CHP Kütüphanesi 12/18/2017 Bağış   364.256 D59k 2017 017727 12/18/2017 12/18/2017 Books